000 00511cam a2200193ua 4500
001 3566
008 111121n ii |||gr||||Z||||||asm
020 _a81-7213-013-9
040 _cMAIN
082 _a320.50954
100 _aBarua, Indrani,
_eAuthor.
245 1 1 _aAdhunik bharatar rajnaitik chinta
_cby Indrani Barua
250 _a1st.
260 _aGuwahati:
_bPurbanchal Prakash,992.
300 _a348p:
_c23cm.
653 _aPolitical science
653 _aAdhunik bharatar rajnaitik chinta
942 _cBK
999 _c3407
_d3407